000 01000nam a2200265Ia 4500
005 20250912132602.0
008 130821s1996 sp gr spa
020 _a8472239624
040 _aCo-BoUCM
_bspa
_cDavid Moreno (modificó)
_dDavid Moreno (modificó)
041 0 0 _aspa
060 _aWM 140
100 1 _aJamison, Kay Redfield
_91969
245 1 0 _aUna mente inquieta testimonio sobre afectos y locura
_cKay Redfield Jamison; traducción de Manuel Talens
260 _aBarcelona (España)
_bTusquets Editores
_c1996
300 _a222 páginas
490 _aColección Andanzas
_v267
600 _aJamison, Kay Redfield
_vRelatos personales
_9162760
650 0 4 _aDepresión mental
_912672
650 0 4 _aPsicología
_98001
650 0 4 _aPsicosis maniaco-depresiva
_922874
650 0 4 _aTrastornos mentales
_925786
700 1 _aTalens, Manuel
_9129193
765 1 0 _aAn unquiet mind
_ba memoir of moods and madness.
942 _cLIBRO
_a9
_e1
_mJ325m
_2DEWEY
_hWM 140
_n0
999 _c49797
_d49797